000 01149nam a22002057a 4500
999 _c16877
_d16877
005 20251125232849.0
008 s2537 th tha d
040 _aNALT
041 _atha
245 1 0 _aประกาศกระทรวงการคลัง การยกเลิก การลด และอัตราอากรศุลกากรและการยกเว้นอากร
260 3 _aกรุงเทพฯ :
_bไอโอนิค อินเตอร์เทรด รีซอสเซส,
_c2537
300 _a64 หน้า :
_b ตาราง ;
_c 30 ซม.
650 0 4 _aการยกเว้นอัตราอากรศุลกากร(ประกาศกระทรวงการคลัง) -- 2537
650 0 4 _aการลดอัตราอากรศุลกากร(ประกาศกระทรวงการคลัง) -- 2537
850 _aNALT
856 4 0 _uhttps://hdl.handle.net/20.500.14156/302213
_71
942 _cLB
_2lcc
998 _j25
_k นีลวัสน์ อินทรักษา
090 _aKI43 อ999ป 2537